An introduction to mapwork and practical geography / (Record no. 52024)
[ view plain ]
| 000 -LEADER | |
|---|---|
| fixed length control field | 00686nam a22002292 4500 |
| 001 - CONTROL NUMBER | |
| control field | 52024 |
| 003 - CONTROL NUMBER IDENTIFIER | |
| rucl marc code | BD-RJUL |
| 005 - DATE AND TIME OF LATEST TRANSACTION | |
| control field | 20211209075737.0 |
| 008 - FIXED-LENGTH DATA ELEMENTS--GENERAL INFORMATION | |
| fixed length control field | 160905s1952 enka 000 0 eng d |
| 035 ## - SYSTEM CONTROL NUMBER | |
| System control number | BD-RJUL 52144 |
| 040 ## - CATALOGING SOURCE | |
| Original cataloging agency | GZD |
| Transcribing agency | GZD |
| Modifying agency | UKM |
| -- | EQO |
| Language of cataloging | eng |
| 041 ## - LANGUAGE CODE | |
| Language code of text/sound track or separate title | eng |
| 082 04 - DEWEY DECIMAL CLASSIFICATION NUMBER | |
| Classification number | 526.8 |
| Edition number | 18 |
| Author mark and year | BYI 1952 |
| 100 1# - MAIN ENTRY--PERSONAL NAME | |
| Personal name | Bygott, John. |
| 9 (RLIN) | 155573 |
| 245 13 - TITLE STATEMENT | |
| Title | An introduction to mapwork and practical geography / |
| Statement of responsibility, etc. | John Bygott |
| 250 ## - EDITION STATEMENT | |
| Edition statement | [4th ed.] |
| 260 ## - PUBLICATION, DISTRIBUTION, ETC. (IMPRINT) | |
| Place of publication, distribution, etc. | London : |
| Name of publisher, distributor, etc. | University Tutorial Press, |
| Date of publication, distribution, etc. | 1952. |
| 300 ## - PHYSICAL DESCRIPTION | |
| Pagination | 251 p. : |
| Illustrations | ill. ; |
| Size | 23 cm. |
| 650 #0 - SUBJECT ADDED ENTRY--TOPICAL TERM | |
| Topical term or geographic name as entry element | Cartography |
| General subdivision | Study and teaching. |
| 9 (RLIN) | 155574 |
| 942 ## - ADDED ENTRY ELEMENTS (KOHA) | |
| Source of classification or shelving scheme | Dewey Decimal Classification |
| Koha item type | Books |
| Lost status | Source of classification or shelving scheme | Damaged status | Not for loan | Collection code | Permanent Location | Current Location | Shelving location | Date acquired | Source of acquisition | Total Checkouts | Full call number | Date last seen | Copy number | Koha item type | Cost, normal purchase price |
|---|---|---|---|---|---|---|---|---|---|---|---|---|---|---|---|
| Dewey Decimal Classification | Non-fiction | Central Library, University of Rajshahi | Central Library, University of Rajshahi | 16/08/2004 | Military science dept | 526.8 BYI 1952 | 05/09/2016 | C-2 | Books | ||||||
| Dewey Decimal Classification | Not For Loan | Non-fiction | Central Library, University of Rajshahi | Central Library, University of Rajshahi | Reading Room | 11/11/1955 | W. B. C. | 526.8 BYI 1952 | 28/03/2017 | C-1 | Books | 11.12 |